[Event "Challenge"]
[Site "http://www.queenalice.com/game.php?id=1343645"]
[Date "2015.2.24"]
[Round "-"]
[White "AlekinePb"]
[Black "poop_police"]
[Result "0-1"]
[WhiteElo "1986"]
[BlackElo "1899"]

1. d4 d5 2. Nf3 Nf6 3. c4 c5 4. Nc3 cxd4 5. Nxd4 e5 6. Nf3 d4 7. Nb1 Nc6 8. a3
Bg4 9. Qa4 Bd6 10. Bg5 O-O 11. Nbd2 Be7 12. O-O-O Bd7 13. Bxf6 Bxf6 14. Qb5 Qc7
15. Kb1 a6 16. Qb3 b5 17. cxb5 axb5 18. Qxb5 Rfb8 19. Qd3 Be7 20. Nc4 f6 21. e3
Qc8 22. Kc1 Be6 23. Kd2 dxe3+ 24. Nxe3 Rxb2+ 25. Nc2 Bb3 26. Rc1 Rxa3 27. Ne1
Nd4 28. Ke3 Nf5+ 29. Kf3 Bd5+ 0-1

[Event "Challenge"]
[Site "http://www.queenalice.com/game.php?id=1352609"]
[Date "2015.4.9"]
[Round "-"]
[White "AlekinePb"]
[Black "poop_police"]
[Result "1-0"]
[WhiteElo "1985"]
[BlackElo "1843"]

1. d4 d5 2. Nf3 c6 3. c4 Nf6 4. Nc3 Bg4 5. Ne5 Bh5 6. cxd5 Nxd5 7. Qb3 Qb6 8.
Nxd5 cxd5 9. Qxd5 e6 10. Qc4 Bb4+ 11. Kd1 O-O 12. g4 Bg6 13. e3 Rd8 14. a3 Bd6
15. f4 Be4 16. Rg1 Bxe5 17. fxe5 Bd5 18. Qb5 Nd7 19. Ke2 Rac8 20. Qxb6 Nxb6 21.
Bd2 Nc4 22. Bc3 h6 23. Kd3 a6 24. e4 Bxe4+ 25. Kxe4 Kf8 26. Bxc4 Rxc4 27. Rac1
b6 28. Bb4+ 1-0

[Event "Challenge"]
[Site "http://www.queenalice.com/game.php?id=1352610"]
[Date "2015.4.9"]
[Round "-"]
[White "poop_police"]
[Black "AlekinePb"]
[Result "1-0"]
[WhiteElo "1791"]
[BlackElo "1964"]

1. e4 d6 2. d4 Nf6 3. Bd3 c6 4. c3 b5 5. Ne2 a6 6. O-O Qc7 7. Bf4 e5 8. dxe5
dxe5 9. Bg5 Be7 10. Ng3 O-O 11. Qc2 Be6 12. f4 exf4 13. Bxf4 Qb6+ 14. Kh1 g6 15.
Nd2 Nbd7 16. e5 Nd5 17. Bh6 Rfe8 18. Nf3 Rac8 19. Nh5 Bf8 20. Qd2 Bg4 21. Bxf8
Rxf8 22. Qh6 Bxh5 23. Ng5 f5 24. Qxh7# 1-0

[Event "Challenge"]
[Site "http://www.queenalice.com/game.php?id=1352611"]
[Date "2015.4.9"]
[Round "-"]
[White "poop_police"]
[Black "AlekinePb"]
[Result "0-1"]
[WhiteElo "1821"]
[BlackElo "1995"]

1. e4 d6 2. d4 Nf6 3. Bd3 c6 4. Ne2 g6 5. c3 Bg7 6. O-O Qc7 7. Bf4 e5 8. Bg3 O-O
9. Nd2 Nbd7 10. Nf3 Re8 11. Ne1 d5 12. exd5 cxd5 13. dxe5 Nxe5 14. Kh1 Qb6 15.
Qc2 Nxd3 16. Qxd3 Bf5 17. Qd1 Ne4 18. Nf3 Nxg3+ 19. fxg3 Qxb2 20. Rb1 Qxe2 21.
Qxd5 Qe4 22. Qxb7 Qc4 23. Ng5 Bxb1 24. Qxb1 Rab8 25. Qc1 Bh6 26. h4 Bxg5 27.
hxg5 Rb2 28. Qd1 Qe2 0-1

[Event "Challenge"]
[Site "http://www.queenalice.com/game.php?id=1352612"]
[Date "2015.4.9"]
[Round "-"]
[White "poop_police"]
[Black "AlekinePb"]
[Result "0-1"]
[WhiteElo "1835"]
[BlackElo "2004"]

1. e4 e6 2. d4 d5 3. Nc3 Nf6 4. Bg5 Be7 5. exd5 exd5 6. Bd3 c6 7. Nge2 O-O 8.
O-O Bg4 9. f3 Bh5 10. Nf4 Qd6 11. Nxh5 Nxh5 12. Bxe7 Qxe7 13. f4 Nf6 14. Ne2
Nbd7 15. h3 Qe3+ 16. Kh1 c5 17. c3 Rfe8 18. Ng1 Ne4 19. Bxe4 dxe4 20. Qg4 Nf6
21. Qg5 cxd4 22. cxd4 Qxd4 23. h4 Rab8 24. h5 h6 25. Qh4 Qd7 26. Ne2 Ng4 27. f5
Nf6 28. g4 e3 29. g5 Qd5+ 30. Kg1 hxg5 31. Qxg5 Nh7 32. Qg3 Qe5 33. Qg2 Qf6 34.
Rae1 Re5 35. Ng3 Rd8 36. Qf3 Qb6 37. Re2 Rd2 38. Rfe1 Ng5 39. Qf4 Nh3+ 0-1

[Event "OS INCLIVEIS"]
[Site "http://www.queenalice.com/game.php?id=1352640"]
[Date "2015.4.9"]
[Round "-"]
[White "adelio"]
[Black "poop_police"]
[Result "1-0"]
[WhiteElo "1907"]
[BlackElo "1822"]

1. d4 c6 2. c4 d5 3. Nc3 Nf6 4. e3 a6 5. Be2 Qc7 6. h4 e5 7. h5 exd4 8. exd4 Be6
9. g4 dxc4 10. Nh3 Nd5 11. Ng5 Bb4 12. Bd2 Bxc3 13. bxc3 Nf4 14. Bxf4 Qxf4 15.
Nxe6 fxe6 16. Bxc4 Qe4+ 17. Kd2 Nd7 18. Bxe6 O-O-O 19. Re1 Qf4+ 20. Kc2 Qxf2+
21. Re2 Qg3 22. Rb1 Kb8 23. Rb3 Nf6 24. c4 Qc7 25. c5 Rhe8 26. Qd3 1-0

[Event "Elvis The King of Rock"]
[Site "http://www.queenalice.com/game.php?id=1354158"]
[Date "2015.4.18"]
[Round "-"]
[White "bobifixer"]
[Black "poop_police"]
[Result "1-0"]
[WhiteElo "1937"]
[BlackElo "1858"]

1. Nf3 c6 2. d4 d5 3. g3 Bg4 4. Bg2 Bxf3 5. Bxf3 Nf6 6. O-O Nbd7 7. Nc3 e5 8.
dxe5 Nxe5 9. Bg2 Be7 10. Bg5 O-O 11. e3 Nfg4 12. Bxe7 Qxe7 13. Bh3 h5 14. Bg2
1-0

[Event "Challenge"]
[Site "http://www.queenalice.com/game.php?id=1386459"]
[Date "2015.9.30"]
[Round "-"]
[White "poop_police"]
[Black "frt"]
[Result "1-0"]
[WhiteElo "1821"]
[BlackElo "1685"]

1. e4 e5 2. Nc3 Nf6 3. Nge2 Bc5 4. d4 exd4 5. Nxd4 d5 6. e5 Ne4 7. Be3 Nxc3 8.
bxc3 Bxd4 9. cxd4 O-O 10. Bd3 b6 11. O-O c5 12. dxc5 Nc6 13. cxb6 axb6 14. Qh5
h6 15. Bxh6 Nxe5 16. Bxg7 Kxg7 17. Qh7+ Kf6 18. f4 Nxd3 19. Qh6+ Ke7 20. cxd3
Ba6 21. Rfe1+ Kd7 22. Rac1 Rc8 23. Qh3+ f5 24. Qh7+ Kd6 25. Qh6+ Rf6 26. Qh4
Rxc1 27. Rxc1 Bxd3 28. Qe1 Be4 29. Qb4+ Kd7 30. Qb5+ Ke7 31. Qa6 Rg6 32. Qb7+
1-0

[Event "Challenge"]
[Site "http://www.queenalice.com/game.php?id=1386460"]
[Date "2015.9.30"]
[Round "-"]
[White "poop_police"]
[Black "frt"]
[Result "1-0"]
[WhiteElo "1784"]
[BlackElo "1748"]

1. d4 d5 2. c4 dxc4 3. Nc3 e6 4. e4 Bb4 5. Bxc4 b6 6. Ne2 Nf6 7. O-O O-O 8. Bg5
Nc6 9. e5 Bxc3 10. Bxf6 gxf6 11. bxc3 fxe5 12. Ng3 Qg5 13. Ne4 Qf4 14. Bd3 exd4
15. Qh5 f5 16. Ng5 h6 17. Qxh6 Rf7 18. Qg6+ Rg7 19. Qe8# 1-0

[Event "Challenge"]
[Site "http://www.queenalice.com/game.php?id=1386461"]
[Date "2015.9.30"]
[Round "-"]
[White "poop_police"]
[Black "frt"]
[Result "1-0"]
[WhiteElo "1846"]
[BlackElo "1683"]

1. c4 e5 2. e4 Bc5 3. Nc3 Nf6 4. d3 d6 5. Bg5 O-O 6. Be2 Nc6 7. Nf3 h6 8. Bh4
Nd4 9. Nxd4 Bxd4 10. O-O Qe7 11. Nd5 Qe6 12. Bxf6 Bb6 13. Bxg7 Kxg7 14. Kh1 c6
15. Nxb6 axb6 16. f4 exf4 17. Rxf4 Qe5 18. Qf1 Be6 19. Bg4 h5 20. Bf5 Qf6 21.
Qf3 Qxb2 22. Rf1 Rh8 23. Qg3+ Kf6 24. Qh4+ Ke5 25. Bxe6 Kxe6 26. Rxf7 Rae8 27.
R1f6+ Ke5 28. Qf4+ Kd4 29. Rxd6+ Kc5 30. Rf5+ Kb4 31. h3 Reg8 32. Qf2 Qb1+ 33.
Kh2 Qc1 34. Qe2 h4 35. Rf2 Rg5 36. a3+ Kxa3 37. Qa2+ Kb4 38. Rb2+ Qxb2 39. Qxb2+
Kc5 40. Qa3# 1-0

[Event "Challenge"]
[Site "http://www.queenalice.com/game.php?id=1386462"]
[Date "2015.9.30"]
[Round "-"]
[White "poop_police"]
[Black "frt"]
[Result "1-0"]
[WhiteElo "1804"]
[BlackElo "1722"]

1. e4 c5 2. c3 Nc6 3. Bb5 Qb6 4. Bxc6 Qxc6 5. Qc2 e6 6. Ne2 Nf6 7. d3 Bd6 8. f3
b5 9. O-O O-O 10. Bg5 Nh5 11. d4 cxd4 12. Nxd4 Bc5 13. Be3 Bxd4 14. Bxd4 Qc4 15.
Nd2 Qc7 16. Rf2 d5 17. Nf1 e5 18. Be3 d4 19. cxd4 Qd6 20. dxe5 Qxe5 21. f4 Qf6
22. Qe2 g6 23. Rd1 a6 24. f5 Bb7 25. fxg6 Qxg6 26. Rf5 1-0

[Event "Challenge"]
[Site "http://www.queenalice.com/game.php?id=1386463"]
[Date "2015.9.30"]
[Round "-"]
[White "poop_police"]
[Black "frt"]
[Result "1-0"]
[WhiteElo "1834"]
[BlackElo "1683"]

1. b3 d5 2. d4 Nf6 3. c3 Nc6 4. Bb2 e5 5. dxe5 Nxe5 6. e3 Bc5 7. Ne2 Bf5 8. Nd4
Qd7 9. c4 O-O 10. Be2 c6 11. Nd2 Bb4 12. O-O Bd6 13. f4 Neg4 14. Bxg4 Bxg4 15.
N4f3 Qe6 16. Qe1 Ne4 17. Nxe4 Qxe4 18. Ng5 Qg6 19. Qg3 h5 20. Qh4 Bc5 21. Rae1
Rae8 22. Qg3 Qd3 23. h3 Bf5 24. Ne6 g6 25. Nxf8 Bxe3+ 26. Kh1 Qd2 27. Be5 Kxf8
28. Rxe3 Be4 29. Rf2 Qc1+ 30. Kh2 h4 31. Bd6+ Kg8 32. Rc3 Qa1 33. f5 Kh7 34.
Qxh4+ Kg8 35. f6 Qxc3 36. Qh6 Qxf6 37. Rxf6 d4 38. h4 Re6 39. Qf8+ 1-0

[Event "Challenge"]
[Site "http://www.queenalice.com/game.php?id=1408750"]
[Date "2016.2.11"]
[Round "-"]
[White "poop_police"]
[Black "Paulobraz"]
[Result "1-0"]
[WhiteElo "1857"]
[BlackElo "1894"]

1. e4 e5 2. Nc3 Bc5 3. Nge2 Qf6 4. d4 exd4 5. Nd5 Qc6 6. Nxd4 Bxd4 7. Qxd4 f6 8.
Bd3 Ne7 9. c4 Nxd5 10. exd5 Qd6 11. O-O O-O 12. Bf4 Qe7 13. Rfe1 Qf7 14. Bxc7
Na6 15. Bd6 b6 16. g4 Bb7 17. Re7 1-0

[Event "Challenge"]
[Site "http://www.queenalice.com/game.php?id=1408841"]
[Date "2016.2.12"]
[Round "-"]
[White "poop_police"]
[Black "Tooony"]
[Result "1-0"]
[WhiteElo "1876"]
[BlackElo "1835"]

1. d4 d5 2. c3 Nc6 3. Bf4 e6 4. e3 Nf6 5. Bd3 Bd6 6. Ne2 e5 7. dxe5 Bxe5 8. O-O
O-O 9. Qc2 g6 10. Nd2 Bg4 11. Bg3 d4 12. exd4 Bxe2 13. Bxe2 Bxg3 14. fxg3 Re8
15. Nf3 Nd5 16. Qd2 f6 17. Bd3 Re6 18. Nh4 Ne3 19. Rfe1 Qe8 20. Re2 Ne7 21. Rxe3
Rxe3 22. Qxe3 Nf5 23. Nxf5 gxf5 24. Qxe8+ Rxe8 25. Bxf5 Re2 26. b4 b6 27. h4 Re3
28. Rc1 Rxg3 29. Rc2 h6 30. Kf2 Rg7 31. h5 Rg5 32. g4 Kf7 33. Ke3 Ke7 34. a4 Kd6
35. c4 c5 36. dxc5+ bxc5 37. Rd2+ Kc7 38. bxc5 Rg7 39. Rd6 Re7+ 40. Kd4 Rf7 41.
Kd5 a5 42. Ra6 1-0

[Event "Challenge"]
[Site "http://www.queenalice.com/game.php?id=1414813"]
[Date "2016.3.24"]
[Round "-"]
[White "poop_police"]
[Black "brouqui"]
[Result "1-0"]
[WhiteElo "1891"]
[BlackElo "1800"]

1. e4 c5 2. Bb5 e5 3. c3 a6 4. Ba4 b5 5. Bc2 Nf6 6. Ne2 Be7 7. O-O O-O 8. d4 d6
9. Be3 Bb7 10. Ng3 Nbd7 11. Nd2 d5 12. exd5 exd4 13. cxd4 Nxd5 14. Nf3 cxd4 15.
Bxd4 N5f6 16. Re1 Bc5 17. Bxc5 Nxc5 18. Qxd8 Raxd8 19. Ne5 Rd2 20. Rac1 Rfd8 21.
h3 Nd5 22. b4 Nxb4 23. Bb3 Ne6 24. Nxf7 Kxf7 25. Bxe6+ Kf8 26. Rc7 Bd5 27. Rf7+
1-0

[Event "OS INCLIVES"]
[Site "http://www.queenalice.com/game.php?id=1416492"]
[Date "2016.4.3"]
[Round "-"]
[White "adelio"]
[Black "poop_police"]
[Result "0-1"]
[WhiteElo "1598"]
[BlackElo "1912"]

1. d4 d5 2. e4 c6 3. e5 Bf5 4. g4 Be4 5. f3 Bg6 6. h4 f5 7. exf6 exf6 8. h5 Bf7
9. Ne2 Bd6 10. Nf4 Qc7 11. Qe2+ Ne7 12. Qh2 Nd7 13. Bd3 O-O-O 14. Bd2 b6 15. Nc3
Kb7 16. a4 c5 17. Nb5 Qb8 18. Nxd6+ Qxd6 19. a5 c4 20. Be2 b5 21. b3 Nc6 22.
bxc4 dxc4 23. Rb1 a6 24. Bc3 Nxd4 25. Bxd4 Qxd4 26. Kf1 Ne5 27. Qf2 Rd7 28. Kg2
Qxf2+ 29. Kxf2 Rd4 30. Kg3 Rhd8 31. c3 Rd2 32. Rb4 Rc2 33. Rhb1 Rxc3 34. R4b2
Ra3 35. Kf2 Rxa5 36. Ng2 Ra3 37. f4 Nd3+ 38. Bxd3 Raxd3 39. Ne3 Rd2+ 40. Ke1
Rxb2 41. Rxb2 Kb6 42. Nf5 g6 43. Nh6 Be8 44. hxg6 hxg6 45. Ng8 f5 46. g5 Rd4 47.
Rf2 c3 48. Nf6 Bf7 49. Kf1 b4 50. Kg1 b3 51. Re2 c2 52. Re7 c1=Q+ 53. Kf2 Rxf4+
54. Kg3 Rg4+ 55. Nxg4 Qxg5 56. Rxf7 Qxg4+ 57. Kf2 b2 58. Rf8 Ka5 59. Ke3 b1=Q
60. Kf2 Qc2+ 61. Ke3 Qge4# 0-1

[Event "OS INCLIVEIS"]
[Site "http://www.queenalice.com/game.php?id=1416493"]
[Date "2016.4.3"]
[Round "-"]
[White "poop_police"]
[Black "adelio"]
[Result "1-0"]
[WhiteElo "1903"]
[BlackElo "1719"]

1. e4 a6 2. d4 c5 3. c3 e6 4. d5 d6 5. dxe6 Bxe6 6. Be3 c4 7. Nd2 b5 8. Ngf3 Be7
9. Be2 Nc6 10. O-O Ne5 11. Nd4 g6 12. Nxe6 fxe6 13. f4 Nd3 14. Rb1 h5 15. f5
exf5 16. Bf3 f4 17. Bd4 Nf6 18. e5 Ng4 19. Bxa8 dxe5 20. Bc6+ Kf8 21. Bxe5 Ngf2
22. Rxf2 Nxf2 23. Kxf2 Qb6+ 24. Bd4 Qxc6 25. Bxh8 Bh4+ 26. g3 fxg3+ 27. hxg3 Be7
28. Qf3+ Qxf3+ 29. Nxf3 g5 30. Re1 h4 31. gxh4 gxh4 32. Be5 Kf7 33. Rh1 Ke6 34.
Bd4 Kf5 35. Nxh4+ Bxh4+ 36. Rxh4 Kg5 37. Rh8 Kf5 38. Ke3 a5 39. Re8 b4 40. Re5+
Kg4 41. Rxa5 bxc3 42. Bxc3 Kg3 43. Rg5+ Kh4 44. Kf4 Kh3 45. Rg4 Kh2 46. Rg3 Kh1
47. Kf3 Kh2 48. Kf2 Kh1 49. Rh3# 1-0

[Event "Challenge"]
[Site "http://www.queenalice.com/game.php?id=1432589"]
[Date "2016.7.21"]
[Round "-"]
[White "modesto54"]
[Black "poop_police"]
[Result "1-0"]
[WhiteElo "1874"]
[BlackElo "1915"]

1. e4 c5 2. Nf3 Nc6 3. d4 cxd4 4. Nxd4 e5 5. Nb3 Nge7 6. Bc4 d5 7. exd5 Nb4 8.
O-O Nbxd5 9. Re1 Be6 10. Nc5 Qc7 11. Bb5+ Nc6 12. Nxe6 fxe6 13. Qh5+ Qf7 14.
Qxe5 Bc5 15. Qxe6+ Qxe6 16. Rxe6+ Kd7 17. Re2 Kc7 18. c4 Nf6 19. Bf4+ Bd6 20.
Bxd6+ Kxd6 21. Nc3 a6 22. Rd1+ Kc7 23. Bxc6 Kxc6 24. Re7 Rhg8 25. Nd5 Nxd5 26.
Rxd5 Rae8 27. Rde5 Rxe7 28. Rxe7 b5 29. cxb5+ axb5 30. f4 h6 31. h4 Kc5 32. Kf2
g5 33. hxg5 hxg5 34. Re5+ 1-0

[Event "Challenge"]
[Site "http://www.queenalice.com/game.php?id=1435443"]
[Date "2016.8.9"]
[Round "-"]
[White "yasseryack"]
[Black "poop_police"]
[Result "1-0"]
[WhiteElo "1858"]
[BlackElo "1928"]

1. f4 d5 2. Nf3 Nf6 3. g3 c6 4. Bg2 Bg4 5. O-O e6 6. d3 Bc5+ 7. d4 Bxf3 8. Bxf3
O-O 9. Nc3 Bb6 10. b3 Nbd7 11. Bb2 e5 12. Na4 exf4 13. Nxb6 fxg3 14. Nxa8 gxh2+
15. Kxh2 Qxa8 16. Ba3 Re8 17. Qd3 Qb8+ 18. Kh1 Qg3 19. Qf5 Qh4+ 20. Kg2 h6 21.
Rh1 Qxd4 22. Rad1 Qb6 23. Bb2 Qe3 24. Rd3 Qc5 25. Bc3 d4 26. Qxc5 Nxc5 27. Rxd4
Ne6 28. Ra4 a6 29. Bxf6 1-0

[Event "Challenge"]
[Site "http://www.queenalice.com/game.php?id=1440098"]
[Date "2016.9.7"]
[Round "-"]
[White "poop_police"]
[Black "altair"]
[Result "1-0"]
[WhiteElo "1914"]
[BlackElo "1864"]

1. d4 d5 2. Bg5 h6 3. Bh4 f5 4. e3 a6 5. Qh5+ Kd7 6. Qxf5+ Ke8 7. Qg6+ Kd7 8.
Nc3 Nf6 9. Nf3 Nc6 10. Ne5+ Nxe5 11. dxe5 Qe8 12. Bd3 Qxg6 13. Bxg6 Ne8 14. Nxd5
Kd8 15. O-O-O Be6 16. Nxe7+ Bd7 17. e6 Nd6 18. Nd5+ Kc8 19. exd7+ Kxd7 20. Rd3
Kc8 21. Rc3 Nb5 22. Rd3 Bd6 23. Rhd1 Bxh2 24. g3 Rf8 25. Nf4 Nd6 26. Rh1 Bxg3
27. Bxg3 Kb8 28. Rhd1 Ka7 29. Nd5 Nb5 30. a4 Nd6 31. Nxc7 1-0

[Event "Challenge"]
[Site "http://www.queenalice.com/game.php?id=1440099"]
[Date "2016.9.7"]
[Round "-"]
[White "poop_police"]
[Black "altair"]
[Result "1-0"]
[WhiteElo "1897"]
[BlackElo "1925"]

1. e4 e5 2. Nc3 a6 3. Be2 Nf6 4. Nf3 d6 5. d4 h6 6. dxe5 dxe5 7. Qxd8+ Kxd8 8.
Nxe5 Be6 9. f4 Bd6 10. Nd3 Bb4 11. Bd2 Nc6 12. Nxb4 Nxb4 13. O-O-O Nxa2+ 14.
Nxa2 Bxa2 15. b3 Nxe4 16. Be3+ Ke7 17. Kb2 Bxb3 18. cxb3 b5 19. Bf3 f5 20. Rd4
c5 21. Rd5 Kf6 22. Bxc5 Nxc5 23. Rxc5 Rad8 24. Rc6+ Kf7 25. Rxa6 Rd2+ 26. Ka3
Rc8 27. Rb6 Ra8+ 28. Bxa8 1-0

[Event "Challenge"]
[Site "http://www.queenalice.com/game.php?id=1443596"]
[Date "2016.9.30"]
[Round "-"]
[White "reibas"]
[Black "poop_police"]
[Result "1-0"]
[WhiteElo "1828"]
[BlackElo "1909"]

1. e4 e6 2. d4 c5 3. Nf3 d5 4. exd5 Qxd5 5. dxc5 Qxd1+ 6. Kxd1 Bxc5 7. Be3 Bxe3
8. fxe3 Nc6 9. Nd4 Nge7 10. c3 Bd7 11. Nd2 a6 12. Be2 Nd5 13. Nc4 O-O 14. g4 b5
15. Nb6 Nxb6 16. Kd2 g6 17. h4 e5 18. Nxc6 Bxc6 19. Rhg1 f5 20. h5 fxg4 21. Rxg4
Rf6 22. Rf1 Raf8 23. Rfg1 Rd8+ 24. Ke1 Kf7 25. hxg6+ hxg6 26. Rh4 Rg8 27. b3 Nd5
28. c4 Nxe3 29. cxb5 axb5 30. Kd2 Nf5 31. Rb4 Nd4 32. a4 bxa4 33. bxa4 Bf3 34.
Rxd4 exd4 35. Bc4+ Ke7 36. Bxg8 Kd6 37. a5 Kc5 38. Rb1 Ra6 39. Rc1+ Kb4 40. Rb1+
Kxa5 41. Bc4 Rd6 42. Rb5+ Ka4 43. Kd3 g5 44. Rxg5 Kb4 45. Rb5+ Ka4 46. Rf5 Bc6
47. Rf4 Kb4 48. Rxd4 Rxd4+ 49. Kxd4 1-0